000 00523nmm a2200157Ia 4500
008 251105s9999||||xx |||||||||||||||||und||
020 _a9789502346328
041 _aspa
100 _aLapeña, Jorge E.
245 0 _aLa energía en tiempos de Alfonsín :
_b Innovación, planificación estratégica, obras y autoabastecimiento
264 _a[Buenos Aires, Argentina] :
_bEudeba,
_c2015
300 _a336 páginas
650 _aHistory (General)
856 _uhttps://public.digitaliapublishing.com/a/128301
942 _cCF
999 _c93343
_d93343